000
00260nam a22001217a 4500
008
170712b xxu||||| |||| 00| 0 eng d
041
_a
eng
080
_a
030
100
_a
23
101
_a
ENC
245
_a
THE VOLUME LIBRARY 2
_c
CARRUTH, G
942
_2
udc
_c
BK
999
_c
20373
_d
20373